| 000 | 00948nas a2200301 4500 | ||
|---|---|---|---|
| 001 | BR9904231 | ||
| 003 | BR-BrBNA | ||
| 005 | 20231205101554.0 | ||
| 007 | ta | ||
| 008 | 230509b bl.|||p| |||| 00| 00por d | ||
| 040 |
_aBR-BrBNA _bpor _cBiblioteca Nacional de Agricultura |
||
| 041 | _a(Pt) | ||
| 072 | _aH50 | ||
| 100 | 1 | _aUtumi, M.M. | |
| 100 | 1 | _aMonnerat, P.H. | |
| 100 | 1 | _aPereira, P.R.G. | |
| 100 | 1 | _aFontes, P.C.R. | |
| 100 | 1 | _aGodinho, V. de P.C. | |
| 245 | 1 | _aDeficiencia de macronutrientes em estevia: sintomas visuais e efeitos no crescimento, composicao quimica e producao de esteviosideo | |
| 650 | _aStevia | ||
| 650 | _aDeficiencia Mineral | ||
| 650 | _aTratamento | ||
| 650 | _aMacroelemento | ||
| 650 | _aMinas Gerais | ||
| 773 | 0 |
_tPesquisa Agropecuaria Brasileira (Brazil) _xISSN 0100-204X _g(Jun 1999), v. 34(6) p. 1039-1043 _wBR9904231 |
|
| 909 |
_a202311 _bLúcia _c55 _dLúcia Elande |
||
| 942 |
_2AGRIS _n0 _cANA |
||
| 999 |
_c162606 _d162606 |
||